Konkurencieschopnosť EÚ v poslednej dekáde diplomová práca

Enregistré dans:
Détails bibliographiques
Auteur principal: Kovaľová, Patrícia
Collectivité auteur: Obchodná fakulta EU. Katedra medzinárodného obchodu
Autres auteurs: Sopková, Gabriela
Format: Livre
Langue:slovaque
Publié: Bratislava 2018
Tags: Ajouter un tag
Pas de tags, Soyez le premier à ajouter un tag!

MARC

LEADER 00000nbm a2200000 4500
001 0243368
005 20181003112740.5
041 0 |a slo 
044 |a SK 
245 1 0 |a Konkurencieschopnosť EÚ v poslednej dekáde  |b diplomová práca  |c Patrícia Kovaľová ; školiteľ: Gabriela Sopková 
264 1 |a Bratislava  |c 2018 
300 |a 75 s. 
100 1 |a Kovaľová, Patrícia 
700 1 |a Sopková, Gabriela 
710 2 |a Obchodná fakulta EU. Katedra medzinárodného obchodu